Statistics for Kingdom Countries

Click here to take the quiz!

General Stats

  • This quiz has been taken 1,020 times
    (747 since last reset)
  • The average score is 15 of 22

Answer Stats

HintAnswer% Correct
KingdomUnited Kingdom of Great Britain and Northern Ireland
97%
KingdomKingdom of Sweden
87%
KingdomKingdom of Norway
84%
KingdomKingdom of Denmark
83%
KingdomKingdom of Saudi Arabia
83%
KingdomKingdom of the Netherlands
83%
KingdomKingdom of Spain
80%
KingdomKingdom of Belgium
77%
Grand DuchyGrand Duchy of Luxembourg
76%
PrincipalityPrincipality of Monaco
76%
PrincipalityPrincipality of Andorra
74%
SultanateSultanate of Oman
74%
PrincipalityPrincipality of Liechtenstein
68%
KingdomKingdom of Bahrain
65%
KingdomKingdom of Thailand
65%
KingdomHashemite Kingdom of Jordan
63%
KingdomKingdom of Morocco
55%
KingdomKingdom of Bhutan
54%
KingdomKingdom of Swaziland
54%
KingdomKingdom of Lesotho
50%
KingdomKingdom of Cambodia
44%
KingdomKingdom of Tonga
39%

Score Distribution

Percentile by Number Answered

Percent of People with Each Score

Your Score History

You have not taken this quiz since the last reset